000 00744nam a22002297a 4500
003 UA-OsUOA
001 46836
007 ta
008 20070706b un ||||| |||| 00| 0 ukr d
100 _aПолюга Л.М.
090 _a81'373.422-161.2
_bП63
942 _cBK
040 _aUA-OsUOA
_bukr
_cUA-OsUOA
_dUA-OsUOA
245 _aСловник антонімів
_b2000 антонімічних пар
_cЗа ред.Л.С.Паламарчука
300 _a170 с.
955 _a2
041 _aukr
080 _a81'373.422-161.2
260 _aК.
_bРадянська школа
_c1987
650 7 _a8 Мовознавство. Художня література. Літературознавство
_2UDC
999 _c332934
_d332934